Paroles - 911 - Damso - Statistiques

Statistiques générales
  • Ce quiz a été pris 1 143 fois
  • Le résultat moyen est 167 sur 244
Statistiques - réponses
Paroles % Correct
Nine
98%
One
98%
One,
98%
tombé
97%
love
96%
Love,
96%
le
95%
est
94%
gangster
94%
j'crois
93%
J'crois
93%
Fais
89%
fais
89%
j'suis
89%
qu'un
88%
de
85%
que
85%
J'me
84%
j'me
84%
à
80%
la
77%
des
75%
Tu
72%
tu
72%
ramollis
70%
ramollis,
70%
Evidemment
66%
ma
63%
questions
60%
Dems
59%
l'argent
57%
ta
56%
rien
55%
d'autre
54%
dis
53%
pense
52%
dire
51%
fume
51%
films
50%
y
50%
les
49%
vie
49%
jamais
48%
Nan
46%
va
46%
moula
45%
Pour
45%
toi,
44%
mais
43%
en
42%
l'homme
42%
punchline
42%
P'tite
41%
romantique,
41%
t'es
41%
t'poses
41%
non,
40%
O.G.
40%
Mon
39%
Ok,
39%
un
39%
oh
38%
rencontré
38%
j'pourrais
37%
meuf
37%
dans
35%
quand
35%
aux
34%
keufs,
34%
sur
34%
Hollywood
33%
j'mens
33%
lifestyle,
33%
zerma
33%
d'la
32%
drogue
32%
même
32%
merde
32%
Merde,
32%
ouais
31%
parler
31%
une
31%
qu'le
30%
yeux
30%
j'rêve
29%
qu'ça
29%
grands
28%
j'sors
28%
ouverts
28%
revivre
28%
enchanté
27%
j'plane
27%
lèvres,
27%
qu't'as
27%
grosse
25%
sses-fe,
25%
taffe
24%
vi-sser
24%
Eclaboussure
23%
j'tire
23%
j'arrêterai
22%
j'pars
22%
vrille,
22%
bédo
21%
gicler
21%
God
21%
mort
21%
d'mettre
20%
revendre
20%
'tasses
20%
te-shi,
19%
l'palais
18%
Aucun quiz correspondant
Distribution des résultats
% des personnes avec chaque résultat
Percentile par nombre de réponses
Votre historique - résultats
Vous n’avez pas pris ce quiz